Managers and the legal environment strategies for the 21st century
Guardado en:
| Autor principal: | |
|---|---|
| Formato: | Libro |
| Lenguaje: | inglés |
| Publicado: |
St. Paul
West Publishing Company
1991
|
| Materias: | |
| Etiquetas: |
Sin Etiquetas, Sea el primero en etiquetar este registro!
|
MARC
| LEADER | 00000nam a2200000 4500 | ||
|---|---|---|---|
| 001 | c128551 | ||
| 005 | 20221123102240.0 | ||
| 020 | |a 0-314-79790-4 | ||
| 041 | 0 | |a eng | |
| 044 | |a US | ||
| 245 | 1 | 0 | |a Managers and the legal environment |b strategies for the 21st century |c Constance E. Bagley |
| 264 | 1 | |a St. Paul |b West Publishing Company |c 1991 | |
| 300 | |a 667 s. | ||
| 610 | 2 | 0 | |a manažéri |
| 610 | 2 | 0 | |a manažment |
| 610 | 2 | 0 | |a právo |
| 610 | 2 | 0 | |a etika |
| 610 | 2 | 0 | |a systémy právne |
| 610 | 2 | 0 | |a právo obchodné |
| 610 | 2 | 0 | |a administratíva |
| 610 | 2 | 0 | |a politika obchodná |
| 610 | 2 | 0 | |a odvetvia právne |
| 610 | 2 | 0 | |a ručenie |
| 610 | 2 | 0 | |a patenty |
| 610 | 2 | 0 | |a právo patentové |
| 610 | 2 | 0 | |a právo poistné |
| 610 | 2 | 0 | |a organizácia obchodu |
| 610 | 2 | 0 | |a korporácie |
| 100 | 1 | |a Bagley, Constance E. | |